Emojis By Emoji - Statistics

General Stats
  • This quiz has been taken 63 times
  • The average score is 5 of 18
Answer Stats
Emoji Emoji Answer % Correct
☁ πŸ’§πŸ’§πŸ’§ Rain cloud (🌧)
94%
πŸ’Ž β­• Diamond ring (πŸ’)
60%
🌲 🎁 Christmas tree (πŸŽ„)
50%
πŸ’£ πŸ”₯ Explosion (πŸ’₯)
42%
😠 πŸ’’ Angry emoji (😑)
35%
🐟πŸ₯‘ πŸ™πŸ§» Sushi (🍣)
31%
πŸ’ πŸ‘© Bride (πŸ‘°)
23%
πŸ’ πŸ‘¨ Groom (🀡)
23%
🏴 πŸ’€ Pirate flag (πŸ΄β€β˜ οΈ)
23%
πŸ—» πŸ”₯ Volcano (πŸŒ‹)
23%
🌈 🏴 LGBT Flag (πŸ³β€πŸŒˆ)
21%
πŸ™‚ πŸ•Ά Person with sunglasses (😎)
19%
πŸ™ πŸ”₯ Hot emoji (πŸ₯΅)
17%
πŸ“„ πŸ§­πŸ“Œ Map (πŸ—Ί)
12%
⏳ πŸ”‹ Clock (πŸ•—)
6%
πŸ”» πŸ₯›πŸ§Š Ice cream (🍦)
6%
❀ πŸ‘Ώ Black Heart (πŸ–€)
0%
🀚 8️⃣ Stop Sign (πŸ›‘)
0%
No matching quizzes found
Score Distribution
Percent of People with Each Score
Percentile by Number Answered
Your Score History
You have not taken this quiz